00157 a2200073 450000100060000010000050000624500440001126000280005558718 a aSalas and hille's calculus one variable anEW YORKbJ Wlleyc1995